| 000 | 00862cam a22002771 4500 | ||
|---|---|---|---|
| 001 | 30802 | ||
| 003 | BD-RjUL | ||
| 005 | 20211209051622.0 | ||
| 008 | 140412s1948 nyu 001 0 eng | ||
| 035 | _a(BD-RjUL)30889 | ||
| 035 | _a(OCoLC)165754 | ||
| 040 |
_aDLC _cODaWU _dUk _dDLC _dBD-RjUL _beng |
||
| 041 | _aeng | ||
| 082 |
_a311 _bGAS 1948 |
||
| 100 | 1 |
_aGarrett, Henry E. _q(Henry Edward), _d1894-1973. _988597 |
|
| 245 | 1 | 0 |
_aStatistics in psychology and education / _cHenry E.Garrett, with an introduction by R. S. Woodworth. |
| 250 | _a3rd ed. | ||
| 260 |
_aNew york ; _aLondon : _bLongmans, Green, _c1948. |
||
| 300 |
_axii, 488 p. ; _c21cm. |
||
| 504 | _aIncludes bibliography and index. | ||
| 650 | 0 |
_aStatistics. _990640 |
|
| 650 | 0 |
_aPsychology. _990641 |
|
| 650 | 0 |
_aEducational Statistics. _9836 |
|
| 942 |
_2ddc _cBK |
||
| 999 |
_c30802 _d30802 |
||